000 00239nam a2200109Ia 4500
008 190216s9999||||xx |||||||||||||| ||und||
100 _aNull
245 0 _aHindi-Samane Ke Sad Sad Sigo
260 _bCjr Tes
650 _aHindi
942 _cBK
999 _c15476
_d15476